000 00652nam a2200241Ia 4500
003 OSt
005 20221006144619.0
006 a|||||r|||| 00| 0
007 ta
008 221006b |||||||| |||| 00| 0 eng d
020 _c
_15.00
024 _a12,124
037 _cTextual
040 _aEASL
_cEASL
_beng
041 _2eng
_aeng
082 _aV410bNA41,35,41.L9, D9
100 _aGEIL William Edgar
_9652422
245 0 _aGreat wall of China
260 _aNew York
_bSturgis & Walton
_c1909
300 _a393p.
_ccm.
942 _hV410bNA41,35,41.L9, D9
_cTEXL
_2CC
999 _c1080210
_d1080210